000 00187nam a2200109Ia 4500
100 _a#N/A
942 _cBK
245 _adebian 7.1.0
260 _b#N/A
546 _aENGLISH
999 _c25510
_d25510